The severe and persistent mental illness progress notes planner / (Record no. 757)
[ view plain ]
| 000 -LEADER | |
|---|---|
| fixed length control field | 00922cam a22003378a 4500 |
| 005 - DATE AND TIME OF LATEST TRANSACTION | |
| control field | 20260322212033.0 |
| 008 - FIXED-LENGTH DATA ELEMENTS--GENERAL INFORMATION | |
| fixed length control field | data |
| 010 ## - LIBRARY OF CONGRESS CONTROL NUMBER | |
| LC control number | 2008026321 |
| 020 ## - INTERNATIONAL STANDARD BOOK NUMBER | |
| International Standard Book Number | 9780470180143 (pbk. : alk. paper) |
| 020 ## - INTERNATIONAL STANDARD BOOK NUMBER | |
| International Standard Book Number | 0470180145 |
| 040 ## - CATALOGING SOURCE | |
| Original cataloging agency | DNLM |
| Transcribing agency | DNLM |
| 041 09 - LANGUAGE CODE | |
| Language code of text/sound track or separate title | eng |
| 042 ## - AUTHENTICATION CODE | |
| Authentication code | pcc |
| 044 ## - COUNTRY OF PUBLISHING/PRODUCING ENTITY CODE | |
| -- | United States |
| 060 10 - NATIONAL LIBRARY OF MEDICINE CALL NUMBER | |
| Classification number | WM 34 |
| Item number | B497sa 2008 |
| 001 - CONTROL NUMBER | |
| control field | data |
| 100 1# - MAIN ENTRY--PERSONAL NAME | |
| Personal name | Berghuis, David J. |
| 245 14 - TITLE STATEMENT | |
| Title | The severe and persistent mental illness progress notes planner / |
| Statement of responsibility, etc. | David J. Berghuis & Arthur E. Jongsma. |
| 250 ## - EDITION STATEMENT | |
| Edition statement | 2nd ed. |
| 260 ## - PUBLICATION, DISTRIBUTION, ETC. | |
| Place of publication, distribution, etc. | Hoboken, N.J. : |
| Name of publisher, distributor, etc. | John Wiley & Sons, |
| Date of publication, distribution, etc. | c2008. |
| 263 ## - PROJECTED PUBLICATION DATE | |
| Projected publication date | 0807 |
| 300 ## - PHYSICAL DESCRIPTION | |
| Extent | xv, 357 p. |
| 490 1# - SERIES STATEMENT | |
| Series statement | Practice planners series |
| 500 ## - GENERAL NOTE | |
| General note | Includes index. |
| 650 12 - SUBJECT ADDED ENTRY--TOPICAL TERM | |
| Topical term or geographic name entry element | Mental Disorders |
| General subdivision | therapy |
| 650 22 - SUBJECT ADDED ENTRY--TOPICAL TERM | |
| Topical term or geographic name entry element | Medical Records |
| 650 12 - SUBJECT ADDED ENTRY--TOPICAL TERM | |
| Topical term or geographic name entry element | Psychotherapy |
| 655 #2 - INDEX TERM--GENRE/FORM | |
| Genre/form data or focus term | Handbooks |
| 700 1# - ADDED ENTRY--PERSONAL NAME | |
| Personal name | Jongsma, Arthur E., |
| Dates associated with a name | 1943- |
| 830 #0 - SERIES ADDED ENTRY--UNIFORM TITLE | |
| Uniform title | Practice planners. |
| Withdrawn status | Lost status | Damaged status | Not for loan | Home library | Current library | Shelving location | Date acquired | Total checkouts | Full call number | Barcode | Date last seen | Price effective from | Koha item type |
|---|---|---|---|---|---|---|---|---|---|---|---|---|---|
| Franklin | Franklin | General stacks | 22/03/2026 | GEN | BC0010776 | 22/03/2026 | 22/03/2026 | Books |